Focus supplement (Record no. 80352)

MARC details
000 -LEADER
fixed length control field 01084cab a22002775a 4500
001 - CONTROL NUMBER
control field L144118
008 - FIXED-LENGTH DATA ELEMENTS--GENERAL INFORMATION
fixed length control field 080619e20080301xxkad f s 000 0 eng d
035 ## - SYSTEM CONTROL NUMBER
System control number (Sirsi) u144118
041 0# - LANGUAGE CODE
Language code of text/sound track or separate title eng
100 1# - MAIN ENTRY--PERSONAL NAME
Personal name Finch, Dermot
245 00 - TITLE STATEMENT
Title Focus supplement
Remainder of title West Midlands
260 ## - PUBLICATION, DISTRIBUTION, ETC.
Date of publication, distribution, etc. 2008
490 #0 - SERIES STATEMENT
Series statement Estates Gazette
Volume/sequential designation (0808) 1 March 2008 (Supplement)
520 ## - SUMMARY, ETC.
Summary, etc. Looks at how the region might boost its economic performance and the future of business parks. Compares regeneration plans for Coventry and Birmingham. Considers the prospects for road pricing (pay as you go) in Birmingham. Asks where new homes will be built over the next twenty years. Reports on a mixed-use project at Icknield Port Loop. Gives a market overview.
590 ## - LOCAL NOTE (RLIN)
Local note KA
651 #4 - SUBJECT ADDED ENTRY--GEOGRAPHIC NAME
Geographic name West Midlands
690 ## - LOCAL SUBJECT ADDED ENTRY--TOPICAL TERM (OCLC, RLIN)
Topical term or geographic name as entry element PROPERTY-COMMERCIAL PROPERTY-COMMERCIAL PROPERTY MARKET
700 1# - ADDED ENTRY--PERSONAL NAME
Personal name Potter, Carl
700 1# - ADDED ENTRY--PERSONAL NAME
Personal name Pilkington, Lisa
700 1# - ADDED ENTRY--PERSONAL NAME
Personal name Wehner, Piers
700 1# - ADDED ENTRY--PERSONAL NAME
Personal name Halstead, Ian
700 1# - ADDED ENTRY--PERSONAL NAME
Personal name Neale, Jon
700 1# - ADDED ENTRY--PERSONAL NAME
Personal name Cunningham, Daniel
700 1# - ADDED ENTRY--PERSONAL NAME
Personal name Morrison, Adrian
942 ## - ADDED ENTRY ELEMENTS (KOHA)
Suppress in OPAC 0
Holdings
Withdrawn status Lost status Source of classification or shelving scheme Damaged status Not for loan Home library Current library Shelving location Date acquired Total Checkouts Full call number Barcode Date last seen Copy number Price effective from Koha item type
    Dewey Decimal Classification     London London Journal article 19/06/2008   L144118 30071200 06/08/2019 1 06/08/2019 Journal article